| 000 | 01779nam a22002297a 4500 | ||
|---|---|---|---|
| 008 | 240520t2024 xxk|||||o|||| 00| 0 eng d | ||
| 041 | _aeng | ||
| 110 | _aRoyal Institution of Chartered Surveyors | ||
| 245 |
_aAgricultural Landlord and Tenant Code of Practice for England _h[Electronic resource] |
||
| 260 |
_aLondon, _bRoyal Institution of Chartered Surveyors, _cMarch 2024 |
||
| 500 | _aIndustry organisations who have endorsed this Code of Practice: Agricultural Law Association; Association of Chief Estates Surveyors; Central Association of Agricultural Valuers; Country Land and Business Association; Institutional Landowners Group; National Farmers Union; National Federation of Young Farmers Clubs; Royal Institution of Chartered Surveyors; Tenant Farmers Association. | ||
| 520 | _aThe Agricultural Landlord and Tenant Code of Practice for England, has been prepared following Defra’s response (May 2023) to the Rock Review: Working together for a thriving agricultural tenanted sector (2022) The code is founded on three principles of: clarity, communication and collaboration. The code uses the word should to describe minimum standards expected of landlords and tenants, and their professional advisers, unless good reasons suggest otherwise. This is a voluntary code of practice. | ||
| 650 | _aAGRICULTURE | ||
| 650 | _aFARMING | ||
| 650 | _aRURAL TENANCIES | ||
| 650 | _aLANDLORD AND TENANT | ||
| 651 | _aEngland | ||
| 710 | _aRoyal Institution of Chartered Surveyors | ||
| 710 | _aFarm Tenancy Forum | ||
| 856 |
_uhttps://www.rics.org/profession-standards/rics-standards-and-guidance/sector-standards/land-standards/agricultural-landlord-and-tenant-code-of-practice-for-england _zAvailable free on RICS.org |
||
| 942 | _n0 | ||
| 999 |
_c121934 _d121934 |
||